Discorsi Del Capo Tuiavii Di Tiavea Delle Isole Samoa

Na minha lista:
Detalhes bibliográficos
Autor principal: Papaiagi
Formato: Livro
Idioma:idioma desconhecido
Publicado em: Stampa Alternativa
Tags: Adicionar Tag
Sem tags, seja o primeiro a adicionar uma tag!

MARC

LEADER 00000nam a2200000Ia 4500
001 R-1151/1
003 CODICE-MESSINA
005 20260212102503.0
008 260211s9999 xx 000 0 und d
040 |c importazione_messina 
100 |a Papaiagi 
245 0 |a Discorsi Del Capo Tuiavii Di Tiavea Delle Isole Samoa 
260 |b Stampa Alternativa 
942 |2 ddc  |c BK 
952 |0 0  |1 0  |2 ddc  |4 0  |6 SCAFFALE_11_000000000000000__ROMANZI__LETTERATURA  |7 0  |9 31983  |a ME  |b ME  |d 2026-02-11  |l 0  |o SCAFFALE 11 - ROMANZI - LETTERATURA  |p R-1151/1  |r 2026-02-11 23:52:53  |w 2026-02-11  |x [REVISIONARE]  |y BK 
999 |c 27648  |d 27648